MARC

Tag First Indicator Second Indicator Subfields
LEADER 00000cam a2200000 a 4500
001 in00002782856
005 20150922150344.0
008 120124s2012 iluaf b 001 0 eng
010 |a  2012000923 
020 |a 9780809331307 (cloth : alk. paper) 
020 |a 0809331306 (cloth : alk. paper) 
020 |a 9780809331314 (ebook) 
020 |a 0809331314 (ebook) 
035 |a (OCoLC)ocn755698196 
040 |a DLC  |c DLC  |d UtOrBLW 
043 |a n-us---  |a n-usu-- 
049 |a TXAM 
050 0 0 |a E621  |b .H33 2012 
082 0 0 |a 973.7/75  |2 23 
100 1 |a Hasegawa, Guy R. 
245 1 0 |a Mending broken soldiers :  |b the Union and Confederate programs to supply artificial limbs /  |c Guy R. Hasegawa ; with a foreword by James M. Schmidt. 
264 1 |a Carbondale :  |b Southern Illinois University Press,  |c [2012] 
264 4 |c ©2012 
300 |a xiii, 126 pages, 16 unnumbered pages of plates :  |b illustrations ;  |c 24 cm. 
336 |a text  |b txt  |2 rdacontent 
337 |a unmediated  |b n  |2 rdamedia 
338 |a volume  |b nc  |2 rdacarrier 
504 |a Includes bibliographical references and index. 
505 0 |a Melancholy harvest -- The Best substitutes known to art -- Noble charity -- Good and serviceable limbs -- An act of esteem and gratitude -- Manifold difficulties -- Magnificent benefaction -- Appendix A: Makers and inventors associated with the Union and Confederate artificial-limbs programs -- Appendix B: Artificial limbs and resection apparatus supplied to U.S. soldiers and sailors by May 10, 1866. 
651 0 |a United States  |x History  |y Civil War, 1861-1865  |x Medical care. 
651 0 |a United States  |x History  |y Civil War, 1861-1865  |x Technology. 
650 0 |a Artificial limbs  |z United States  |x History  |y 19th century. 
650 0 |a Artificial limbs  |z Confederate States of America  |x History. 
650 0 |a Amputees  |x Services for  |z United States  |x History  |y 19th century. 
650 0 |a Amputees  |x Services for  |z Confederate States of America  |x History. 
650 0 |a Soldiers  |x Medical care  |z United States  |x History  |y 19th century. 
650 0 |a Soldiers  |x Medical care  |z Confederate States of America  |x History. 
650 2 |a Amputees  |x history. 
650 2 |a Artificial Limbs  |x history. 
650 2 |a Prostheses and Implants  |x history. 
650 2 |a Military Personnel  |x history. 
650 2 |a Veterans  |x history. 
650 2 |a Wounds and Injuries  |x history. 
651 0 |a United States. 
651 0 |a Confederate States of America. 
945 |a PromptCat 
946 |a stk 
947 |a A14835931283 
948 |a cataloged  |b h  |c 2012/12/19  |d c  |e dmitchel  |f 4:00:00 pm 
994 |a 92  |b TXA 
999 |a MARS 
999 f f |s 249c3604-0544-37b7-801a-36e7f101f013  |i b4796f0b-26d3-30f3-bd48-bf2592c09f62  |t 0 
952 f f |p normal  |a Texas A&M University  |b College Station  |c Sterling C. Evans Library  |d Evans: Library Stacks  |t 0  |e E621 .H33 2012  |h Library of Congress classification  |i unmediated -- volume  |m A14835931283 
998 f f |a E621 .H33 2012  |t 0  |l Evans: Library Stacks